[Event "Koblenz-ch"]
[Site "Koblenz"]
[Date "2004.09.28"]
[Round "2"]
[White "Hofman, Sergej"]
[Black "Senger, Alexander"]
[Result "0-1"]
[WhiteElo "1296"]
[BlackElo "1561"]
[PlyCount "72"]
[EventDate "2004.09.21"]
[EventType "swiss"]
[EventRounds "7"]
[EventCountry "GER"]
[SourceTitle "EXT 2005"]
[Source "ChessBase"]
[SourceDate "2004.11.15"]
[SourceVersion "1"]
[SourceVersionDate "2004.11.15"]
[SourceQuality "1"]

1. e4 e5 2. Nf3 Nc6 3. Bc4 Nd4 4. d3 d5 5. exd5 Bg4 6. Nbd2 a5 7. a4 Qf6 8. c3 Nxf3+ 9. Nxf3 Bc5 10. Bb5+ c6 11. dxc6 bxc6 12. Bg5 Qd6 13. Bc4 h6 14. Be3 Ne7 15. Bxc5 Qxc5 16. Bb3 Rb8 17. h3 Bxf3 18. gxf3 0-0 19. d4 exd4 20. cxd4 Qb4+ 21. Ke2 Qxb3 22. Qxb3 Rxb3 23. Rab1 Nd5 24. Rhc1 Rc8 25. Rc5 Nf4+ 26. Kf1 Rxf3 27. Rxa5 Rxh3 28. Kg1 Rd3 29. Ra7 Rxd4 30. Ra1 Rb4 31. a5 Rxb2 32. a6 Nd5 33. Re1 Ra2 34. Rb1 Nc3 35. Rb6 Nb5 36. Re7 Rc7 0-1